Color TV trouble factbook / (Record no. 183303)
[ view plain ]
| 000 -LEADER | |
|---|---|
| fixed length control field | 00931 a2200193 4500 |
| 003 - CONTROL NUMBER IDENTIFIER | |
| control field | Nust |
| 005 - DATE AND TIME OF LATEST TRANSACTION | |
| control field | 20221226102522.0 |
| 010 ## - LIBRARY OF CONGRESS CONTROL NUMBER | |
| LC control number | 76021178 |
| 020 ## - INTERNATIONAL STANDARD BOOK NUMBER | |
| International Standard Book Number | 0830669191 : |
| -- | 0830659196 |
| 040 ## - CATALOGING SOURCE | |
| Transcribing agency | Nust |
| 082 00 - DEWEY DECIMAL CLASSIFICATION NUMBER | |
| Classification number | 621.388,COL |
| 245 00 - TITLE STATEMENT | |
| Title | Color TV trouble factbook / |
| Statement of responsibility, etc. | by the editors of Electronic Technician/dealer. |
| 250 ## - EDITION STATEMENT | |
| Edition statement | 3rd ed. |
| 260 ## - PUBLICATION, DISTRIBUTION, ETC. | |
| Place of publication, distribution, etc. | Blue Ridge Summit, Pa. : |
| Name of publisher, distributor, etc. | G/L Tab Books, |
| Date of publication, distribution, etc. | 1976. |
| 300 ## - PHYSICAL DESCRIPTION | |
| Extent | 434 p. : |
| Other physical details | ill. ; |
| Dimensions | 22 cm. |
| 505 ## - FORMATTED CONTENTS NOTE | |
| Formatted contents note | Admiral (Page-1), Conadian General Electric (Page-72), Dumont (Page-76), Emerson(Page-79), General Electric (Page-86), Magnavox (Page-167), MGA (Page-255), Motorola (Page-261),Olympic (Page-276), Philco (Page-287), Philco-Ford (Page-290), RCA (Page-303), Setchell-Carlson (Page-362), Sylvania (Page-365),Truetone (Page-386), Westinghouse (Page-388), Zenith (Page-403), Miscellaneous (Page-419). |
| 650 #0 - SUBJECT ADDED ENTRY--TOPICAL TERM | |
| Topical term or geographic name entry element | Color television |
| General subdivision | Repairing. |
| 9 (RLIN) | 105871 |
| 942 ## - ADDED ENTRY ELEMENTS (KOHA) | |
| Source of classification or shelving scheme | |
| Koha item type | Book |
| Withdrawn status | Lost status | Source of classification or shelving scheme | Damaged status | Not for loan | Permanent Location | Current Location | Shelving location | Date acquired | Full call number | Barcode | Date last seen | Price effective from | Koha item type | Public note |
|---|---|---|---|---|---|---|---|---|---|---|---|---|---|---|
| Military College of Signals (MCS) | Military College of Signals (MCS) | General Stacks | 12/12/2016 | 621.388,COL | MCS6880 | 12/08/2016 | 12/12/2016 | Book | Almirah No.39, Shelf No.4 | |||||
| Military College of Signals (MCS) | Military College of Signals (MCS) | General Stacks | 12/12/2016 | 621.388,COL | MCS6892 | 12/08/2016 | 12/12/2016 | Book | Almirah No.39, Shelf No.4 |
